Statistics for Avengers: Infinity War characters

Click here to take the quiz!

General Stats

  • This quiz has been taken 118 times
  • The average score is 25 of 30

Answer Stats

ActorCharacter% Correct
Chris EvansCaptain America
100%
Mark RuffaloHulk
100%
Robert Downey Jr.Iron Man
100%
Chris HemsworthThor
100%
Scarlett JohanssonBlack Widow
99%
Tom HollandSpider-Man
99%
Chadwick BosemanBlack Panther
98%
Benedict CumberbatchDoctor Strange
98%
Vin DieselGroot
98%
Chris PrattStar Lord
97%
Zoe SaldanaGamora
94%
Tom HiddlestonLoki
94%
Dave BautistaDrax
92%
Elizabeth OlsenScarlet Witch
92%
Paul BettanyVision
91%
Don CheadleWar Machine
91%
Sebastian StanWinter Soldier
89%
Anthony MackieFalcon
87%
Karen GillanNebula
87%
Pom KlementieffMantis
84%
Josh BrolinThanos
84%
Bradley CooperRocket Raccoon
74%
Letitia WrightShuri
73%
Idris ElbaHeimdall
69%
Danai GuriraOkoye
66%
Winston DukeM'Baku
59%
Tom Vaughan-LawlorEbony Maw
47%
Carrie CoonProxima Midnight
45%
Terry NotaryCull Obsidian
42%
Michael James ShawCorvus Glaive
41%

Score Distribution

Percentile by Number Answered

Percent of People with Each Score

Your Score History

You have not taken this quiz